Heavy Metal Bands by Country - #1 - Statistics

General Stats
  • This quiz has been taken 553 times
  • The average score is 18 of 50
Answer Stats
Band Country % Correct
Iron Maiden UK
88%
Sepultura Brazil
69%
X Japan Japan
66%
Amon Amarth Sweden
65%
Helloween Germany
61%
Gojira France
60%
Dragonforce UK
59%
Manowar USA
59%
White Zombie USA
58%
Dimmu Borgir Norway
55%
Nightwish Finland
54%
Lordi Finland
52%
Accept Germany
52%
Cradle of Filth UK
51%
Meshuggah Sweden
48%
Alestorm UK
48%
Halestorm USA
46%
The Hu Mongolia
44%
Iced Earth USA
44%
Blind Guardian Germany
42%
Powerwolf Germany
40%
Behemoth Poland
40%
Volbeat Denmark
39%
Bolt Thrower UK
39%
Stratovarius Finland
36%
Tang Dynasty China
35%
Jinjer Ukraine
31%
Unleash The Archers Canada
30%
Strapping Young Lad Canada
29%
Bloodywood India
29%
Rhapsody of Fire Italy
27%
Enslaved Norway
27%
Bloodbath Sweden
26%
Epica Netherlands
25%
Angra Brazil
23%
Eluveitie Switzerland
22%
The Agonist Canada
18%
Fleshgod Apocalypse Italy
17%
Arkona Russia
17%
Septicflesh Greece
16%
Loudness Japan
16%
Orphaned Land Israel
14%
Galneryus Japan
14%
Be'lakor Australia
13%
Ex Deo Canada
11%
Firewind Greece
11%
Dark Moor Spain
11%
Carach Angren Netherlands
10%
Chthonic Taiwan
8%
Acrassicauda Iraq
4%
No matching quizzes found
Score Distribution
Percent of People with Each Score
Percentile by Number Answered
Your Score History
You have not taken this quiz